UK Islands by largest settlement - Statistics

General Stats
  • This quiz has been taken 55 times
  • The average score is 6 of 12
Answer Stats
Largest Settlement Island % Correct
London Great Britain
93%
Ryde Isle of Wight
86%
Llangefni Anglesey
74%
Portree Isle of Skye
70%
Tobermory Isle of Mull
44%
Holyhead Holy Island
42%
Lamlash Isle of Arran
35%
Portsmouth Portsea Island
30%
Rothesay Isle of Bute
26%
Port Ellen Islay
23%
Minster Isle of Sheppey
23%
Hugh Town St. Mary's
19%
No matching quizzes found
Score Distribution
Percent of People with Each Score
Percentile by Number Answered
Your Score History
You have not taken this quiz